<?xml version="1.0" encoding="UTF-8"?><?xml-stylesheet type="text/xsl" href="static/style.xsl"?><OAI-PMH xmlns="http://www.openarchives.org/OAI/2.0/" xmlns:xsi="http://www.w3.org/2001/XMLSchema-instance" xsi:schemaLocation="http://www.openarchives.org/OAI/2.0/ http://www.openarchives.org/OAI/2.0/OAI-PMH.xsd"><responseDate>2026-04-17T05:42:26Z</responseDate><request verb="GetRecord" identifier="oai:www.recercat.cat:10256/17651" metadataPrefix="marc">https://recercat.cat/oai/request</request><GetRecord><record><header><identifier>oai:recercat.cat:10256/17651</identifier><datestamp>2024-06-18T11:12:38Z</datestamp><setSpec>com_2072_452955</setSpec><setSpec>com_2072_2054</setSpec><setSpec>col_2072_452964</setSpec></header><metadata><record xmlns="http://www.loc.gov/MARC21/slim" xmlns:dcterms="http://purl.org/dc/terms/" xmlns:xsi="http://www.w3.org/2001/XMLSchema-instance" xmlns:doc="http://www.lyncode.com/xoai" xsi:schemaLocation="http://www.loc.gov/MARC21/slim http://www.loc.gov/standards/marcxml/schema/MARC21slim.xsd">
   <leader>00925njm 22002777a 4500</leader>
   <datafield ind2=" " ind1=" " tag="042">
      <subfield code="a">dc</subfield>
   </datafield>
   <datafield ind2=" " ind1=" " tag="720">
      <subfield code="a">Creixans Tenas, Judit</subfield>
      <subfield code="e">author</subfield>
   </datafield>
   <datafield ind2=" " ind1=" " tag="720">
      <subfield code="a">Coenders, Germà</subfield>
      <subfield code="e">author</subfield>
   </datafield>
   <datafield ind2=" " ind1=" " tag="720">
      <subfield code="a">Arimany Serrat, Núria</subfield>
      <subfield code="e">author</subfield>
   </datafield>
   <datafield ind2=" " ind1=" " tag="260">
      <subfield code="c">2019-10-01</subfield>
   </datafield>
   <datafield ind2=" " ind1=" " tag="520">
      <subfield code="a">In the context of the recent economic crisis, the financial situation of the Spanish health sector has become a major concern for responsible actors from the public and private spheres, because of a decline in public spending and increased demand due to population growth and ageing. The public health system seeks collaborative synergies with the private health system to achieve better health care results, cut waiting lists and cope with financial pressure. The private health sector currently owns 452 hospitals in Spain (57% of the country's total). This paper analyses the financial statements of hospital companies in the Spanish private healthcare system, using compositional data (CoDa) methodology. It identifies a significant relationship between financial statement structure and corporate social responsibility (CSR). Relevant CSR indicators include a sustainability report according to the Global Reporting Initiative (GRI), accreditation by the Joint Commission International (JCI) and ISO 14001, 50001 and 26000 accreditations. These indicators reduce asset turnover and increase debt quality: the proportion of long-term debt within total liability. From a methodological perspective, the paper proposes the first application CoDa in statistical models to predict financial statements from non-financial variables, and the first use of CoDa in partial-least-squares structural equation models (PLS-SEM). Our methodological approach reduces the asymmetry, redundancy and outliers encountered in standard statistical models that predict financial ratios</subfield>
   </datafield>
   <datafield ind2=" " ind1=" " tag="520">
      <subfield code="a">This work was supported by the Spanish Ministry of Science, Innovation and Universities (grant RTI2018-095518-B-C21), the Spanish Ministry of Health (grant CIBERCB06/02/1002) and the Catalan Government (grant 2017SGR656)</subfield>
   </datafield>
   <datafield ind1="8" ind2=" " tag="024">
      <subfield code="a">http://hdl.handle.net/10256/17651</subfield>
   </datafield>
   <datafield tag="653" ind2=" " ind1=" ">
      <subfield code="a">Empreses -- Responsabilitat social</subfield>
   </datafield>
   <datafield tag="653" ind2=" " ind1=" ">
      <subfield code="a">Social responsibility of business</subfield>
   </datafield>
   <datafield tag="653" ind2=" " ind1=" ">
      <subfield code="a">Analisi multivariable</subfield>
   </datafield>
   <datafield tag="653" ind2=" " ind1=" ">
      <subfield code="a">Multivariate analysis</subfield>
   </datafield>
   <datafield tag="653" ind2=" " ind1=" ">
      <subfield code="a">Anàlisi de ràtios</subfield>
   </datafield>
   <datafield tag="653" ind2=" " ind1=" ">
      <subfield code="a">Ratio analysis</subfield>
   </datafield>
   <datafield tag="653" ind2=" " ind1=" ">
      <subfield code="a">Hospitals -- Finances</subfield>
   </datafield>
   <datafield tag="653" ind2=" " ind1=" ">
      <subfield code="a">Hospitals -- Finance</subfield>
   </datafield>
   <datafield tag="653" ind2=" " ind1=" ">
      <subfield code="a">Anàlisi financera</subfield>
   </datafield>
   <datafield tag="653" ind2=" " ind1=" ">
      <subfield code="a">Investment analysis</subfield>
   </datafield>
   <datafield ind2="0" ind1="0" tag="245">
      <subfield code="a">Corporate social responsibility and financial profile of Spanish private hospitals</subfield>
   </datafield>
</record></metadata></record></GetRecord></OAI-PMH>